Lil uzi vert songs - Statistics

General Stats
  • This quiz has been taken 1,695 times
  • The average score is 4 of 6
Answer Stats
Hint Answer % Correct
It do not matter Turn to a savage, pocket got fatter, she call me daddy money longer
94%
Ya alright, alright, alright You was right I was wrong Ya I should've never ever took her home You was right
86%
Gave me brain, was so insane that I made her my header If she ever call my phone you know I gotta dead her But I like that girl too much, I wish I never met her The way life goes
76%
Back then they napped on me Now they all just act homie Now I'm hot they all on me Erase your social
73%
I don't really care if you cry On the real you should've never lied Should've saw the way she looked me in my eyes XO Tour Lif3
49%
Like, flex on you haters, huh (Hi haters) This is my world so it's all in my favor I like all girls, yeah all type of flavors My world
1%
No matching quizzes found
Score Distribution
Percent of People with Each Score
Percentile by Number Answered
Your Score History
You have not taken this quiz